000 01749cam a22004814i 4500
003 PE-LiUPU
005 20250731173444.0
008 150616s1989 sp r 000 0 spa d
020 _a8432120014
035 _a(Sirsi) i9788432120015
035 _a(OCoLC)1105317959
040 _aPE-LiUPU
_bspa
_cPE-LiUPU
_erda
049 _aPRUA
082 0 4 _a235.2
_bT69
_221
100 1 _aTomás Moro, Santo,
_eautor.
245 1 3 _aLa Agonía de Cristo /
_cSanto Tomás Moro.
264 1 _aMadrid :
_bEdiciones RIALP, S.A.,
_c1989.
300 _a177 páginas ;
_c20 centímetros
336 _atext
_2rdacontent
337 _aunmediated
_2rdamedia
338 _avolume
_2rdacarrier
505 0 _aSobre la tristeza, aflicción, miedo y oración de Cristo antes de ser capturado: los Apóstoles se duermen mientras el traidor conspira -- Por qué dormís?. Sobre la oreja sajada de Malco, la fuga de los discípulos y la captura de Cristo.
526 _aSEG42
526 _aSEG41
526 _aSEG40
526 _aSEG39
526 _aP94
526 _aP87
526 _aP86
526 _aP85
526 _aP77
526 _aP76
526 _aP35
600 0 4 _aTomas Moro,
_cSanto,
_d1478-1535
_tLa Agonia de Cristo.
600 0 4 _aJesucristo
_xPasión.
910 _ajck
_bjvq
_cjck
942 _2ddc
_cBOOK
949 _a235.2 T69
_wDEWEY
_c1
_i39230
_lCCODEBUL1
_mBUL
_r0
_sY
_tBOOK
_u2015-6-16
_xTEOLOGIA
_zUNKNOWN
_0COMPRA
_o.STAFF. Colección General
994 _aC0
_bPEPRU
596 _a1
999 _a235.2 T69
_wDEWEY
_c56887
_i39230
_f2021-11-10
_g5
_lCCODEBUL1
_mBUL
_p7.99
_r0
_sY
_tBOOK
_u2015-6-16
_xTEOLOGIA
_PP35
_0COMPRA
_o.STAFF. Colección Teología
_d56887
980 _81
_gALBERTO SANCHEZ Responsable de Automatización